000 00629nam a2200253 a 4500
001 nice12345678
003 IN_TiNIC
005 20260116011536.0
008 050524s1900 laha grp 000 0 urd
020 _a
_c100
082 0 0 _a297.8
_bKHA1
100 _aKhan, Syed Ahmad
245 _aMukammil Majmua Lectures Va Speeches
260 _aLahore
_bMunshi Mohammad Fazlaluddin
_c1900
300 _a574p
500 _aincludes index and biblioraphy
505 2 _aArchives
650 _aIslam-Movements
650 _aSyed Ahmad Khan
700 1 _aKhan, Syed Ahmad
902 _bRHR
942 _cBK
999 _c2475
_d2475